000 00341nam a2200133Ia 4500
008 151001s9999||||xx |||||||||||||| ||und||
100 _aरमेश अहसास
245 _aगुरु तेगबहादूर
250 _a1
260 _bशिक्षा भारती
260 _c1981
300 _a48
365 _b18
999 _c961971
_d961968